|
|
|
|
| LEADER |
00000nam a22000007a 4500 |
| 005 |
20211005213835.0 |
| 007 |
cr|||| |||| |
| 008 |
211005c20219999cu qr|w s|||| 0|||b1spa d |
| 022 |
|
|
|a 2308-0132
|
| 035 |
|
|
|a 35189
|
| 040 |
|
|
|a vLex
|
| 090 |
|
|
|c 12493
|d 12493
|
| 245 |
0 |
0 |
|a Revista Estudios de Desarrollo Social
|h [Recurso electrn̤ico] :
|b Cuba y Amřica Latina
|
| 256 |
|
|
|a Servicio en ln̕ea
|
| 260 |
|
|
|a La Habana:
|b FLACSO Cuba,
|c 2013 -
|
| 300 |
|
|
|a 1 recurso electrn̤ico
|
| 310 |
|
|
|a Trimestral
|
| 362 |
|
|
|a Nð 1-1 (Ene. 2013) -
|
| 506 |
1 |
|
|a Disponible solo en los productos indicados
|d vLex Global
|d vLex Global (Academic Edition, excluding Law Schools)
|d vLex Global (U.S. Academic Edition, Law Schools)
|d vLex Global (U.S. Academic Edition, excluding Law Schools)
|d vLex Global (Academic Edition, Law Schools)
|
| 650 |
0 |
4 |
|a Derecho Comunitario
|z Cuba
|
| 650 |
0 |
4 |
|a Ciencias sociales
|z Cuba
|
| 740 |
0 |
|
|a vLex Libros (Servicio en ln̕ea)
|
| 856 |
4 |
0 |
|u https://app.vlex.com/#/sources/35189
|z Acceso restringido
|
| 942 |
|
|
|c REV
|
| 999 |
0 |
|
|a Derecho Comunitario
|
| 999 |
0 |
|
|a Ciencias sociales
|